000 00826nam a22002177a 4500
999 _c2465
_d2465
003 AR-CdUCM
008 190304b ||||| |||| 00| 0 spa d
040 _aMUNICIPALIDAD PROVINCIAL DEL CUSCO
_cBIBLIOTECA MUNICIPAL DEL CUSCO
082 _a331.113 /
_bL82
100 _aLockwood, David
_98806
245 _aEl trabajador de la clase media :
_bun estudio sobre la conciencia de clase /
260 _aMadrid :
_bAguilar,
_c1962.
300 _a234 pƔginas ;
_bCuadros.
_c21.5 cm.
505 _aContenido: La casa de cambio -- La oficina moderna: situacion laboral -- La oficina moderna: " status" -- Sindicalismo ...
650 _aMercado de trabajo
_98807
650 _aMecanización
_98808
650 _aProductividad
_98809
700 _aAlvarez Cruz, Jose Maria (traductor)
_98810
942 _2ddc
_cLIBROS
945 _aafb